[Event "XXXIII Festival Conca della Presolana A"]
[Site "Bratto - Castione della Presolana ITA"]
[Date "2013.08.22"]
[Round "5"]
[White "Guerini, Silvia jr"]
[Black "Macario, Marco"]
[WhiteElo "1773"]
[BlackElo "1848"]
[Result "1/2-1/2"]
[PlyCount "71"]
[EventDate "2013.08.18"]

1. e4 c5 2. Nc3 Nc6 3. f4 g6 4. Nf3 Bg7 5. Bc4 e6 6. O-O Nge7 7. d3 Na5 8. Bb3
Nxb3 9. axb3 d5 10. Qe1 d4 11. Ne2 b6 12. Bd2 Bb7 13. Nh4 f5 14. exf5 gxf5 15.
Ng3 Qd5 16. Qe2 Bf6 17. Nf3 h5 18. Rfe1 Kd7 19. c4 Qc6 20. b4 a6 21. bxc5 h4
22. b4 b5 23. Nf1 h3 24. Bc1 hxg2 25. N1d2 Rh3 26. Bb2 bxc4 27. dxc4 Ng6 28. b5
axb5 29. cxb5 Qd5 30. c6+ Kc7 31. cxb7 Rxa1 32. Bxa1 Nxf4 33. Rc1+ Kxb7 34. Qc4
Qxc4 35. Rxc4 e5 36. Rc5 1/2-1/2

[Event "XXXIII Festival Conca della Presolana A"]
[Site "Bratto - Castione della Presolana ITA"]
[Date "2013.08.22"]
[Round "5"]
[White "Hunt, Caro"]
[Black "Loccisano, Giuseppe"]
[WhiteElo "1833"]
[BlackElo "1772"]
[Result "0-1"]
[PlyCount "74"]
[EventDate "2013.08.18"]

1. e4 e6 2. d4 d5 3. e5 c5 4. c3 Nc6 5. Nf3 Qb6 6. Bd3 Bd7 7. O-O cxd4 8. cxd4
Nxd4 9. Nxd4 Qxd4 10. Nc3 a6 11. Qe2 Ne7 12. Rd1 Nc6 13. Bxa6 Qxe5 14. Bxb7
Qxe2 15. Nxe2 Ra7 16. Bxc6 Bxc6 17. Nd4 Bd7 18. Be3 Rb7 19. b3 Be7 20. Rac1 Ba3
21. Rc2 e5 22. Nf3 d4 23. Bc1 Bd6 24. Bb2 O-O 25. Ne1 Ra8 26. Ba1 Be6 27. f4 f6
28. Rc6 Bg4 29. Rdc1 Ba3 30. R1c4 Bf8 31. fxe5 fxe5 32. Nd3 Rxa2 33. Bxd4 exd4
34. Rxd4 Rxb3 35. h3 Bf5 36. Nf4 g5 37. Nh5 Bxh3 0-1

[Event "XXXIII Festival Conca della Presolana A"]
[Site "Bratto - Castione della Presolana ITA"]
[Date "2013.08.22"]
[Round "5"]
[White "Kravchenko, Oleg"]
[Black "Drago, Paolo"]
[WhiteElo "1805"]
[BlackElo "1858"]
[Result "1-0"]
[PlyCount "111"]
[EventDate "2013.08.18"]

1. d4 d5 2. c4 e6 3. Nc3 Nf6 4. Bg5 Be7 5. e3 O-O 6. Nf3 h6 7. Bh4 b6 8. Rc1
Bb7 9. Be2 c6 10. O-O Nbd7 11. a3 c5 12. Bg3 dxc4 13. Bxc4 Ne4 14. Nxe4 Bxe4
15. Qe2 cxd4 16. Nxd4 Rc8 17. Rfd1 Kh8 18. Nb5 a6 19. Nd6 Bxd6 20. Bxd6 Re8 21.
Bxa6 Rxc1 22. Rxc1 Qa8 23. f3 Bg6 24. Rc7 Nf6 25. e4 Qd8 26. Qd3 Rg8 27. Bb5
Kh7 28. Qd4 Ne8 29. Rd7 Qg5 30. Bf1 Qa5 31. Bg3 Nf6 32. Rb7 Rc8 33. Rxb6 Rc2
34. Rb5 Qa8 35. Bf2 Rc1 36. Qa7 Qd8 37. Qd4 Qa8 38. Be3 Ra1 39. Rc5 Qa7 40. Rc2
Qb7 41. Qb6 Qd7 42. Rc1 Rxc1 43. Bxc1 Qd1 44. Qe3 Bh5 45. Qd2 Qb3 46. Bd3 Bg6
47. Bc2 Qb6+ 48. Qe3 Qc6 49. Qd3 Qb6+ 50. Kh1 Ne8 51. Qe3 Qb5 52. Bd3 Qb3 53.
Qd2 Nc7 54. Qc2 Qb6 55. b4 Nb5 56. Qc5 1-0

[Event "XXXIII Festival Conca della Presolana A"]
[Site "Bratto - Castione della Presolana ITA"]
[Date "2013.08.22"]
[Round "5"]
[White "Listello, Massimiliano"]
[Black "Di Donato, Giovanni"]
[WhiteElo "1767"]
[BlackElo "1919"]
[Result "0-1"]
[PlyCount "66"]
[EventDate "2013.08.18"]

1. e4 d5 2. Nc3 dxe4 3. Nxe4 Bf5 4. Ng3 Bg6 5. Nf3 e6 6. Bc4 Bd6 7. d3 Nc6 8.
Bb5 Nge7 9. Qe2 a6 10. Bc4 Na5 11. Bb3 Nxb3 12. axb3 O-O 13. Ne4 Nd5 14. Nxd6
cxd6 15. Bd2 Rc8 16. c4 Ne7 17. h4 Bh5 18. Rg1 Bxf3 19. gxf3 Nf5 20. Bc3 d5 21.
O-O-O d4 22. Bd2 b5 23. Qe5 Qe7 24. Rde1 Rfe8 25. Rxg7+ Nxg7 26. Bg5 Qc5 27.
Qg3 Qc7 28. f4 f5 29. Bf6 Qf7 30. Qg5 bxc4 31. bxc4 Qg6 32. h5 Qxg5 33. fxg5
Nxh5 0-1

[Event "XXXIII Festival Conca della Presolana A"]
[Site "Bratto - Castione della Presolana ITA"]
[Date "2013.08.22"]
[Round "5"]
[White "Michel, Steve"]
[Black "Peron, Davide"]
[WhiteElo "1979"]
[BlackElo "1784"]
[Result "1-0"]
[PlyCount "65"]
[EventDate "2013.08.18"]

1. d4 Nf6 2. c4 e6 3. Nf3 b6 4. g3 Bb7 5. Bg2 d6 6. O-O Be7 7. Re1 O-O 8. Nc3
Nbd7 9. e4 e5 10. d5 a5 11. Rf1 Ba6 12. Qe2 Nc5 13. Ne1 Bc8 14. f4 Bg4 15. Qc2
exf4 16. gxf4 Nfd7 17. h3 Bh5 18. Nf3 Bf6 19. Be3 Re8 20. Nd4 g6 21. Nc6 Qc8
22. Bd4 Kg7 23. Bxf6+ Nxf6 24. e5 Nfd7 25. Rae1 Na6 26. Ne4 Nb4 27. Nxb4 axb4
28. exd6 cxd6 29. b3 f5 30. Qb2+ Kh6 31. Ng5 Qc5+ 32. Kh1 Qa5 33. Nf7# 1-0

[Event "XXXIII Festival Conca della Presolana A"]
[Site "Bratto - Castione della Presolana ITA"]
[Date "2013.08.22"]
[Round "5"]
[White "Morandi, Daniele"]
[Black "Gardi, Giuseppe"]
[WhiteElo "1893"]
[BlackElo "1999"]
[Result "1-0"]
[PlyCount "71"]
[EventDate "2013.08.18"]

1. e4 d6 2. d4 Nf6 3. f3 g6 4. c4 Bg7 5. Nc3 O-O 6. Be3 a6 7. Qd2 Nc6 8. O-O-O
Rb8 9. g4 e5 10. dxe5 Nxe5 11. h3 Be6 12. b3 b5 13. cxb5 axb5 14. Bxb5 Bd7 15.
Bxd7 Nexd7 16. Bh6 Re8 17. Bxg7 Kxg7 18. h4 Nc5 19. h5 Nxb3+ 20. axb3 Rxb3 21.
hxg6 fxg6 22. g5 Nh5 23. Qd4+ Kf8 24. Rxh5 gxh5 25. Qh8+ Kf7 26. Qxh7+ Kf8 27.
Qh8+ Kf7 28. Qxh5+ Ke6 29. Qg6+ Kd7 30. Qf7+ Qe7 31. Qxb3 Qxg5+ 32. Kc2 Kc8 33.
Ra1 Qc5 34. Ra8+ Kd7 35. Rxe8 Kxe8 36. Qb5+ 1-0

[Event "XXXIII Festival Conca della Presolana A"]
[Site "Bratto - Castione della Presolana ITA"]
[Date "2013.08.22"]
[Round "5"]
[White "Mortola, Alberto"]
[Black "Oteri, Aldo"]
[WhiteElo "1936"]
[BlackElo "1772"]
[Result "1/2-1/2"]
[PlyCount "81"]
[EventDate "2013.08.18"]

1. d4 Nf6 2. Nf3 e6 3. Bf4 d5 4. e3 c5 5. c3 b6 6. Bb5+ Bd7 7. Bd3 Nc6 8. Nbd2
cxd4 9. Nxd4 Bc5 10. N2b3 Qe7 11. Nxc5 bxc5 12. Nb5 e5 13. Bg5 Rc8 14. O-O O-O
15. Rc1 h6 16. Bh4 g5 17. Bg3 c4 18. Bb1 Rb8 19. a4 a6 20. Nc7 Qd6 21. Nxa6 Rb6
22. Nb4 Nxb4 23. cxb4 Rxb4 24. f4 exf4 25. exf4 Bxa4 26. fxg5 Qb6+ 27. Bf2 Bxd1
28. Bxb6 Rxb6 29. gxf6 Bh5 30. Rf5 Bg6 31. Rxd5 Bxb1 32. Rxb1 c3 33. b4 Rc8 34.
Rc1 Rxb4 35. Rdd1 Rf4 36. Rf1 Rxf1+ 37. Kxf1 Kh7 38. Ke2 Kg6 39. Kd3 Kxf6 40.
Rxc3 Re8 41. Rc2 1/2-1/2

[Event "XXXIII Festival Conca della Presolana A"]
[Site "Bratto - Castione della Presolana ITA"]
[Date "2013.08.22"]
[Round "5"]
[White "Onida, Davide"]
[Black "Autino, Massimiliano"]
[WhiteElo "1783"]
[BlackElo "1879"]
[Result "1-0"]
[PlyCount "119"]
[EventDate "2013.08.18"]

1. Nf3 b6 2. g3 Bb7 3. Bg2 g6 4. O-O Bg7 5. d4 d6 6. c4 Nd7 7. Nc3 e6 8. e4 Ne7
9. Be3 h6 10. Qc2 O-O 11. Rad1 Qc8 12. Qc1 Kh7 13. Nd2 e5 14. Nb3 Nc6 15. d5
Ne7 16. Qd2 a6 17. Bh3 Qe8 18. f4 exf4 19. gxf4 Bc8 20. Qg2 f5 21. Nd4 Nc5 22.
b4 Bxd4 23. Rxd4 Nxe4 24. Nxe4 fxe4 25. Bxc8 Qxc8 26. Rxe4 Nf5 27. Re6 Rg8 28.
Qe4 Re8 29. Bd2 Rxe6 30. dxe6 c6 31. Bc3 d5 32. cxd5 cxd5 33. Qxd5 Ra7 34. Qe5
Re7 35. Re1 Ng7 36. Qf6 Qe8 37. Kf2 Nh5 38. Qe5 Ng7 39. Rg1 Qg8 40. Rxg6 Kxg6
41. Qf6+ Kh5 42. Qxe7 Nxe6 43. Be5 Qg6 44. Ke3 Qg1+ 45. Ke4 Qb1+ 46. Kd5 Qxa2+
47. Kc6 Qc4+ 48. Kxb6 Nxf4 49. Bxf4 Qxf4 50. Qc5+ Kg4 51. Kxa6 Qxh2 52. Qc8+
Kf3 53. b5 h5 54. b6 h4 55. Qc6+ Kg3 56. Qc7+ Kg2 57. Qxh2+ Kxh2 58. b7 h3 59.
b8=Q+ Kg1 60. Qg3+ 1-0

[Event "XXXIII Festival Conca della Presolana A"]
[Site "Bratto - Castione della Presolana ITA"]
[Date "2013.08.22"]
[Round "5"]
[White "Oppici, Gabriele"]
[Black "Villa, Claudio"]
[WhiteElo "2002"]
[BlackElo "1766"]
[Result "1-0"]
[PlyCount "77"]
[EventDate "2013.08.18"]

1. d4 d5 2. Nf3 Nf6 3. Bf4 e6 4. e3 Be7 5. h3 Nbd7 6. Bd3 c5 7. c3 c4 8. Bc2 a6
9. Nbd2 b5 10. e4 dxe4 11. Nxe4 Nxe4 12. Bxe4 Ra7 13. O-O Bb7 14. Bxb7 Rxb7 15.
Re1 O-O 16. Qe2 Nb6 17. Ne5 Nd5 18. Bd2 Bg5 19. Rad1 Bxd2 20. Qxd2 Qc7 21. Re4
f5 22. Re2 Rf6 23. Rde1 Rb6 24. a3 Ne7 25. Qf4 Nd5 26. Qg5 Ne7 27. Qh5 Ng6 28.
Qf3 Nxe5 29. Rxe5 Qd7 30. Rc5 h6 31. h4 Rd6 32. h5 Rf8 33. Rce5 Rf6 34. Rc5 Rf8
35. Ree5 Kh7 36. Qg3 Rc6 37. Qg6+ Kg8 38. Rxc6 Rf6 39. Rxa6 1-0

[Event "XXXIII Festival Conca della Presolana A"]
[Site "Bratto - Castione della Presolana ITA"]
[Date "2013.08.22"]
[Round "5"]
[White "Perico, Gianvittorio"]
[Black "Iasman, Inna"]
[WhiteElo "1875"]
[BlackElo "1970"]
[Result "1-0"]
[PlyCount "65"]
[EventDate "2013.08.18"]

1. e4 c6 2. d4 d5 3. Nc3 dxe4 4. Nxe4 Nd7 5. Nf3 Ngf6 6. Nxf6+ Nxf6 7. c3 Bf5
8. Bd3 Bxd3 9. Qxd3 e6 10. O-O Bd6 11. Re1 Qc7 12. h3 O-O 13. Ne5 c5 14. Bg5
Nd5 15. Nc4 Be7 16. Bxe7 Nxe7 17. dxc5 Qxc5 18. Qd6 Qxc4 19. Qxe7 Qb5 20. Qb4
Qc6 21. Rad1 Rfd8 22. Rd4 Rd5 23. Red1 a5 24. Rxd5 exd5 25. Qd4 h6 26. Qxd5 Qb6
27. b3 Re8 28. Kf1 Rc8 29. c4 a4 30. Qd7 Ra8 31. bxa4 Qb4 32. Qb5 Qxa4 33. Rd8+
1-0

[Event "XXXIII Festival Conca della Presolana A"]
[Site "Bratto - Castione della Presolana ITA"]
[Date "2013.08.22"]
[Round "5"]
[White "Raselli, Claudio"]
[Black "Cristiani, Gianfranco"]
[WhiteElo "1910"]
[BlackElo "1790"]
[Result "1/2-1/2"]
[PlyCount "50"]
[EventDate "2013.08.18"]

1. c4 e5 2. g3 c6 3. d4 exd4 4. Qxd4 d5 5. cxd5 Qxd5 6. Qxd5 cxd5 7. Nc3 Be6 8.
Bg2 Bb4 9. Bd2 Nf6 10. a3 Bxc3 11. Bxc3 Nbd7 12. e3 O-O 13. Ne2 Rac8 14. O-O
Rc7 15. Nd4 a6 16. Rfc1 Rfc8 17. Bd2 Rxc1+ 18. Rxc1 Rxc1+ 19. Bxc1 Nc5 20. Bf1
Bd7 21. b4 Ne6 22. Bb2 Nxd4 23. Bxd4 Ne4 24. Bg2 Bc6 25. Bxe4 dxe4 1/2-1/2

[Event "XXXIII Festival Conca della Presolana A"]
[Site "Bratto - Castione della Presolana ITA"]
[Date "2013.08.22"]
[Round "5"]
[White "Savoldelli, Dario"]
[Black "Fiscato, Claudio"]
[WhiteElo "1852"]
[BlackElo "1775"]
[Result "1/2-1/2"]
[PlyCount "52"]
[EventDate "2013.08.18"]

1. e4 c5 2. Nf3 e6 3. d4 cxd4 4. Nxd4 a6 5. g3 Nf6 6. Bg2 Qc7 7. O-O Nc6 8.
Nxc6 bxc6 9. c4 Be7 10. Nc3 O-O 11. Qe2 e5 12. b3 d6 13. h3 Bb7 14. Bb2 a5 15.
Rac1 Rfd8 16. Rfd1 Nd7 17. Qe3 h6 18. Na4 c5 19. Nc3 Bc6 20. a4 Nf8 21. h4 Ne6
22. Nb5 Qb7 23. Rf1 Rf8 24. Rcd1 Nd4 25. f4 Qd7 26. Qf2 Bf6 1/2-1/2

[Event "XXXIII Festival Conca della Presolana A"]
[Site "Bratto - Castione della Presolana ITA"]
[Date "2013.08.22"]
[Round "5"]
[White "Scagliotti, Guglielmo"]
[Black "Razzano, Lorenzo"]
[WhiteElo "1840"]
[BlackElo "1988"]
[Result "1-0"]
[PlyCount "85"]
[EventDate "2013.08.18"]

1. e4 e5 2. f4 exf4 3. Bc4 Nc6 4. Nf3 g5 5. h4 g4 6. Ng5 Ne5 7. Bb3 d6 8. d4 h6
9. dxe5 hxg5 10. Qd5 Be6 11. Qxb7 Be7 12. Nc3 dxe5 13. Qb5+ Kf8 14. Bxe6 fxe6
15. Qxe5 Rh6 16. Bd2 Bd6 17. Qd4 e5 18. Qc4 Rb8 19. O-O-O Rb4 20. Qe2 Qb8 21.
b3 g3 22. hxg5 Rxh1 23. Rxh1 Qc8 24. Nd5 Rd4 25. Bc3 Rxd5 26. exd5 Qf5 27. Re1
Qxg5 28. Kb1 Nf6 29. Bxe5 Nxd5 30. Bxd6+ cxd6 31. Qe8+ Kg7 32. Qd7+ Kg6 33.
Qxd6+ Nf6 34. Qd3+ Qf5 35. Qf3 Qg4 36. Qxg4+ Nxg4 37. c4 Kf5 38. c5 Ne5 39. Kc2
f3 40. gxf3 Nxf3 41. Rd1 g2 42. c6 Nd4+ 43. Kb2 1-0

[Event "XXXIII Festival Conca della Presolana A"]
[Site "Bratto - Castione della Presolana ITA"]
[Date "2013.08.22"]
[Round "5"]
[White "Tardelli, Andrea"]
[Black "Gagliardi, Claudio"]
[WhiteElo "1793"]
[BlackElo "1766"]
[Result "1/2-1/2"]
[PlyCount "46"]
[EventDate "2013.08.18"]

1. d4 Nf6 2. Nc3 d5 3. Bg5 e6 4. e4 Be7 5. e5 Nfd7 6. Bxe7 Qxe7 7. f4 c6 8. Nf3
b6 9. Bd3 a5 10. Ng5 g6 11. Qg4 Ba6 12. Qh3 Bxd3 13. Qxd3 Na6 14. a3 Nc7 15. h4
c5 16. h5 cxd4 17. hxg6 Nxe5 18. gxf7+ Nxf7 19. Nxf7 Qxf7 20. Qxd4 O-O 21. g3
Qg7 22. Qxg7+ Kxg7 23. O-O-O Rf6 1/2-1/2

[Event "XXXIII Festival Conca della Presolana A"]
[Site "Bratto - Castione della Presolana ITA"]
[Date "2013.08.22"]
[Round "5"]
[White "Vlug, Andre"]
[Black "Rizzi, Volfango"]
[WhiteElo "1847"]
[BlackElo "1916"]
[Result "1-0"]
[PlyCount "63"]
[EventDate "2013.08.18"]

1. e4 e5 2. Nf3 Nc6 3. d4 exd4 4. Bc4 d6 5. Nxd4 Nf6 6. Nxc6 bxc6 7. Nc3 Be7 8.
O-O O-O 9. Re1 Nd7 10. Bf4 Bf6 11. Qd3 Ne5 12. Bxe5 Bxe5 13. Rad1 Rb8 14. b3
Kh8 15. Ne2 f5 16. Nd4 Bxd4 17. Qxd4 c5 18. Qd2 fxe4 19. Rxe4 Qf6 20. Rde1 Bb7
21. Re6 Qh4 22. Re7 d5 23. Bd3 Rbc8 24. R7e3 h6 25. Rh3 Qf4 26. Qxf4 Rxf4 27.
Rhe3 Rcf8 28. f3 a5 29. Re7 Rc8 30. Re8+ Rf8 31. Rxf8+ Rxf8 32. Re7 1-0

[Event "XXXIII Festival Conca della Presolana A"]
[Site "Bratto - Castione della Presolana ITA"]
[Date "2013.08.23"]
[Round "6"]
[White "Autino, Massimiliano"]
[Black "Domenighini, Alessandro"]
[WhiteElo "1879"]
[BlackElo "1763"]
[Result "1-0"]
[PlyCount "53"]
[EventDate "2013.08.18"]

1. e4 g6 2. d4 Bg7 3. Nf3 d6 4. Bc4 Nf6 5. Nc3 O-O 6. Qe2 a6 7. O-O b5 8. Bb3
Bb7 9. e5 Nfd7 10. e6 Nb6 11. exf7+ Kh8 12. Ng5 Bc8 13. Nd5 Nxd5 14. Bxd5 c6
15. Be6 Nd7 16. Qf3 Qb6 17. Nxh7 Ne5 18. dxe5 Bxe6 19. Nxf8 Rxf8 20. exd6 Rxf7
21. Qe4 Bf5 22. dxe7 Bxe4 23. e8=Q+ Rf8 24. Qxe4 Rxf2 25. Qh4+ Kg8 26. Rxf2 Bd4
27. c3 1-0

[Event "XXXIII Festival Conca della Presolana A"]
[Site "Bratto - Castione della Presolana ITA"]
[Date "2013.08.23"]
[Round "6"]
[White "Boccalatte, Piero"]
[Black "Onida, Davide"]
[WhiteElo "1972"]
[BlackElo "1783"]
[Result "1-0"]
[PlyCount "144"]
[EventDate "2013.08.18"]

1. d4 g6 2. c4 Bg7 3. e4 d6 4. Be3 c5 5. Nc3 cxd4 6. Bxd4 Nf6 7. f3 Nc6 8. Be3
O-O 9. Qd2 Be6 10. b3 Qa5 11. Nge2 Rfd8 12. Rd1 Ne8 13. Nd4 Bd7 14. Be2 Nc7 15.
O-O Ne6 16. Nxc6 bxc6 17. Rc1 c5 18. Rfd1 Nd4 19. Bd3 e6 20. Bb1 Bc6 21. Qe1 a6
22. Bd2 Qc7 23. Ne2 a5 24. Bc3 Qb6 25. Qf2 Nxe2+ 26. Qxe2 Bd4+ 27. Bxd4 cxd4
28. Qf2 e5 29. Bc2 Qc5 30. a4 Ra7 31. Rd3 f6 32. Rd2 Rf7 33. g4 Rdf8 34. Kh1
Qa7 35. Rg1 Bd7 36. h4 Be6 37. Qe1 Kh8 38. Rh2 g5 39. h5 Rb7 40. Rd2 Qc5 41.
Rd1 Rc8 42. Rg2 Qa3 43. Kh2 Qb2 44. Rd3 Qa3 45. Qd2 Qc5 46. Qd1 Rcb8 47. Re2
Qc8 48. Rg2 Bd7 49. Rdd2 Rc7 50. Bd3 Rc5 51. Rg1 Rb7 52. Kg3 Rbc7 53. Qe2 Be6
54. Rb1 Bf7 55. Qf1 Qb8 56. Qd1 Rb7 57. Bc2 Kg7 58. Rd3 h6 59. Rd2 Rb4 60. Ra1
Qc7 61. Bd3 d5 62. cxd5 Bxd5 63. exd5 e4+ 64. Kg2 exd3 65. Rxd3 Rxd5 66. Rc1
Rc5 67. Rxc5 Qxc5 68. Qe2 Qe5 69. Qc2 Kf7 70. Rd2 Rb7 71. Qh7+ Ke6 72. Qxb7 Qe3
1-0

[Event "XXXIII Festival Conca della Presolana A"]
[Site "Bratto - Castione della Presolana ITA"]
[Date "2013.08.23"]
[Round "6"]
[White "Bosticardo, Tommaso"]
[Black "Foglieni, Matteo"]
[WhiteElo "1900"]
[BlackElo "1809"]
[Result "1/2-1/2"]
[PlyCount "78"]
[EventDate "2013.08.18"]

1. d4 f5 2. Bg5 g6 3. Nc3 Bg7 4. h4 h6 5. Bf4 Nf6 6. Qd2 b6 7. f3 Bb7 8. O-O-O
e6 9. e3 d6 10. Bc4 Qe7 11. Nge2 Nbd7 12. Bh2 O-O-O 13. Nf4 Nf8 14. Qf2 g5 15.
Nd3 Ng6 16. hxg5 hxg5 17. Qe2 g4 18. e4 gxf3 19. gxf3 fxe4 20. fxe4 Nxe4 21.
Nxe4 d5 22. Rhg1 dxc4 23. Ne5 Rxh2 24. Nxg6 Bh6+ 25. Kb1 Rxe2 26. Nxe7+ Kb8 27.
Nc3 Rd2 28. Rxd2 Bxd2 29. Rg6 Re8 30. Rg7 Be3 31. Ne2 Bf3 32. Rg3 Bxe2 33. Rxe3
Rxe7 34. Rxe2 Kb7 35. Kc1 Kc6 36. Kd2 Kd5 37. Kc3 b5 38. Re5+ Kc6 39. Kb4 Rd7
1/2-1/2

[Event "XXXIII Festival Conca della Presolana A"]
[Site "Bratto - Castione della Presolana ITA"]
[Date "2013.08.23"]
[Round "6"]
[White "Cristiani, Gianfranco"]
[Black "Tardelli, Andrea"]
[WhiteElo "1790"]
[BlackElo "1793"]
[Result "0-1"]
[PlyCount "38"]
[EventDate "2013.08.18"]

1. b3 e5 2. Bb2 Nc6 3. e3 a6 4. c4 Nf6 5. d4 Bb4+ 6. Nc3 exd4 7. exd4 Ne4 8. d5
Nxc3 9. Bxc3 Bxc3+ 10. Ke2 Qe7+ 11. Kd3 Bxa1 12. Qxa1 Ne5+ 13. Kc2 Qf6 14. f3
d6 15. Qe1 Bf5+ 16. Kd1 O-O-O 17. g4 Nxf3 18. Nxf3 Qa1+ 19. Kd2 Qb2+ 0-1

[Event "XXXIII Festival Conca della Presolana A"]
[Site "Bratto - Castione della Presolana ITA"]
[Date "2013.08.23"]
[Round "6"]
[White "Di Donato, Giovanni"]
[Black "Michel, Steve"]
[WhiteElo "1919"]
[BlackElo "1979"]
[Result "0-1"]
[PlyCount "126"]
[EventDate "2013.08.18"]

1. e4 e6 2. d4 d5 3. e5 c5 4. c3 Nc6 5. Nf3 Qb6 6. a3 c4 7. Be2 Bd7 8. O-O h6
9. Nbd2 Na5 10. Rb1 Qc7 11. Qe1 Ba4 12. Bd1 Bxd1 13. Qxd1 Ne7 14. Nh4 g5 15.
Nhf3 Ng6 16. g3 Be7 17. Ne1 O-O-O 18. b3 cxb3 19. Nxb3 Nxb3 20. Qxb3 Kb8 21.
Nd3 Rd7 22. a4 Rc8 23. Bd2 Qc4 24. Qb5 Rdc7 25. Rb2 a6 26. Qxc4 Rxc4 27. Rfb1
R8c7 28. a5 Ra4 29. Kf1 Rxa5 30. Rb3 Ra2 31. Ke1 Ba3 32. Kd1 b5 33. Bc1 Be7 34.
Bd2 Kc8 35. Bc1 Kd7 36. Bb2 Ke8 37. Kc2 Kf8 38. Rf1 Kg7 39. f4 Nf8 40. f5 exf5
41. Rxf5 Nd7 42. h4 Kg6 43. Rf1 Ra4 44. Kb1 Rac4 45. hxg5 hxg5 46. Nf2 R4c6 47.
Ng4 Nb6 48. Ba3 Nc4 49. Bc1 Rb6 50. Ne3 Nxe3 51. Bxe3 a5 52. Bd2 Rc4 53. Ka2 b4
54. cxb4 axb4 55. Rfb1 Rxd4 56. Be3 Ra6+ 57. Kb2 Re4 58. Bd2 Rxe5 59. Bxb4 Re2+
60. Kc3 Re3+ 61. Kd4 Rxb3 62. Rxb3 Rb6 63. Kxd5 Rxb4 0-1

[Event "XXXIII Festival Conca della Presolana A"]
[Site "Bratto - Castione della Presolana ITA"]
[Date "2013.08.23"]
[Round "6"]
[White "Dieli, Alberto"]
[Black "Fiscato, Claudio"]
[WhiteElo "1974"]
[BlackElo "1775"]
[Result "1-0"]
[PlyCount "64"]
[EventDate "2013.08.18"]

1. d4 Nf6 2. Nf3 e6 3. Nc3 b6 4. g3 Bb7 5. a3 Be7 6. Bg2 O-O 7. O-O d5 8. Ne5
Nbd7 9. f4 c5 10. e3 Ne4 11. Nxe4 dxe4 12. Nxd7 Qxd7 13. dxc5 Qxd1 14. Rxd1
Bxc5 15. b4 Be7 16. c4 Rfd8 17. Bb2 Rac8 18. Bf1 Kf8 19. Bd4 f5 20. Rab1 Bc6
21. b5 Bb7 22. a4 Kf7 23. Be2 Bf6 24. Rbc1 Bxd4 25. exd4 Ke7 26. Kf2 Rc7 27. a5
Rdc8 28. axb6 axb6 29. Ra1 Kd7 30. c5 bxc5 31. dxc5+ Bd5 32. b6 Rc6 1-0

[Event "XXXIII Festival Conca della Presolana A"]
[Site "Bratto - Castione della Presolana ITA"]
[Date "2013.08.23"]
[Round "6"]
[White "Gardi, Giuseppe"]
[Black "Peron, Davide"]
[WhiteElo "1999"]
[BlackElo "1784"]
[Result "1-0"]
[PlyCount "61"]
[EventDate "2013.08.18"]

1. d4 Nf6 2. c4 e6 3. Nf3 b6 4. g3 Bb7 5. Bg2 Be7 6. O-O O-O 7. Nc3 Ne4 8. Qc2
Nxc3 9. Qxc3 Na6 10. a3 c5 11. Qc2 f5 12. dxc5 Nxc5 13. Nd2 Bxg2 14. Kxg2 Qc7
15. b3 Qc6+ 16. f3 Bf6 17. Bb2 Bxb2 18. Qxb2 f4 19. b4 Nb7 20. Rac1 a5 21. Ne4
axb4 22. axb4 d5 23. cxd5 Qxd5 24. Rfd1 Qb5 25. Rc7 Rf7 26. Rxf7 Kxf7 27. gxf4
h6 28. Kf2 Qe8 29. Rg1 Qf8 30. Qe5 Rc8 31. f5 1-0

[Event "XXXIII Festival Conca della Presolana A"]
[Site "Bratto - Castione della Presolana ITA"]
[Date "2013.08.23"]
[Round "6"]
[White "Gemelli, Giovanni"]
[Black "Raselli, Claudio"]
[WhiteElo "1842"]
[BlackElo "1910"]
[Result "1-0"]
[PlyCount "81"]
[EventDate "2013.08.18"]

1. e4 d5 2. exd5 Qxd5 3. Nc3 Qd6 4. d4 Nf6 5. Nf3 a6 6. Be3 b5 7. a3 Bb7 8. Be2
e6 9. O-O Be7 10. Qd2 Nc6 11. Rad1 Rd8 12. Qc1 Qd7 13. Ng5 O-O 14. Bf3 Nd5 15.
Nxd5 exd5 16. Nh3 Bf6 17. Nf4 Ne7 18. Nh5 Qf5 19. h3 h6 20. Bg4 Qg6 21. Nf4 Qh7
22. Nh5 Qg6 23. Nf4 Qh7 24. Nd3 h5 25. Bf3 Nf5 26. Nc5 Bc8 27. Kh1 Rfe8 28. c3
Nxe3 29. fxe3 Bg5 30. Rde1 Re7 31. Re2 Rde8 32. Bxd5 Bxe3 33. Rxe3 Rxe3 34.
Bxf7+ Kh8 35. Bxe8 Rxe8 36. Qf4 Qc2 37. Qf7 Qe2 38. Qf2 Qc4 39. Re1 Rxe1+ 40.
Qxe1 Bf5 41. Qe8+ 1-0

[Event "XXXIII Festival Conca della Presolana A"]
[Site "Bratto - Castione della Presolana ITA"]
[Date "2013.08.23"]
[Round "6"]
[White "Grazzi, Roberto"]
[Black "Delledonne, Francesco"]
[WhiteElo "2021"]
[BlackElo "1916"]
[Result "1/2-1/2"]
[PlyCount "38"]
[EventDate "2013.08.18"]

1. e4 e6 2. d4 d5 3. Nc3 Bb4 4. e5 c5 5. a3 Bxc3+ 6. bxc3 Qa5 7. Bd2 Qa4 8.
dxc5 Nc6 9. f4 Nh6 10. Bd3 O-O 11. Qh5 f6 12. exf6 Rxf6 13. g4 Rf8 14. Nf3 e5
15. Bxh7+ Kxh7 16. Ng5+ Kg8 17. Qg6 Rf6 18. Qe8+ Rf8 19. Qg6 Rf6 1/2-1/2

[Event "XXXIII Festival Conca della Presolana A"]
[Site "Bratto - Castione della Presolana ITA"]
[Date "2013.08.23"]
[Round "6"]
[White "Guerini, Sara"]
[Black "Vlug, Andre"]
[WhiteElo "1723"]
[BlackElo "1847"]
[Result "0-1"]
[PlyCount "78"]
[EventDate "2013.08.18"]

1. e4 e5 2. Nc3 Nf6 3. g3 d5 4. Bg2 d4 5. Nce2 d3 6. Nc3 Bc5 7. Na4 Bxf2+ 8.
Kxf2 Qd4+ 9. Ke1 Bg4 10. Nf3 Qxe4+ 11. Kf2 Qxa4 12. cxd3 Qxd1 13. Rxd1 Nbd7 14.
Re1 Bxf3 15. Bxf3 O-O-O 16. Re3 Nc5 17. Ke2 Rhe8 18. Be4 Ncxe4 19. dxe4 Rd4 20.
d3 c5 21. b3 Rd7 22. h3 h5 23. Bb2 Nh7 24. Rc1 b6 25. b4 Rc7 26. Ba3 cxb4 27.
Rxc7+ Kxc7 28. Bxb4 Ng5 29. g4 Ne6 30. Bc3 f6 31. Rg3 hxg4 32. hxg4 Rh8 33. Kf3
Rh2 34. g5 Rc2 35. Be1 Rxa2 36. gxf6 gxf6 37. Rg1 Ra3 38. Ke3 Kd7 39. Bd2 Nc5
0-1

[Event "XXXIII Festival Conca della Presolana A"]
[Site "Bratto - Castione della Presolana ITA"]
[Date "2013.08.23"]
[Round "6"]
[White "Iasman, Inna"]
[Black "Gagliardi, Claudio"]
[WhiteElo "1970"]
[BlackElo "1766"]
[Result "1-0"]
[PlyCount "69"]
[EventDate "2013.08.18"]

1. d4 Nf6 2. c4 e6 3. Nf3 d5 4. Nc3 Be7 5. Bg5 h6 6. Bh4 O-O 7. e3 b6 8. Bd3
Bb7 9. O-O Nbd7 10. cxd5 Nxd5 11. Bg3 Nxc3 12. bxc3 c5 13. Qe2 Nf6 14. e4 c4
15. Bc2 Rc8 16. a4 Nh5 17. Ne5 Nxg3 18. hxg3 Qc7 19. f4 f6 20. Ng6 Rfe8 21. Qh5
Rcd8 22. g4 e5 23. fxe5 fxe5 24. Nxe5 Bf6 25. Nf3 Bxe4 26. Rae1 Qc6 27. Rxe4
Rxe4 28. Qf5 Re2 29. Qh7+ Kf8 30. g5 hxg5 31. Bf5 Rxd4 32. cxd4 Bxd4+ 33. Kh1
Bf6 34. Bg6 g4 35. Nh4 1-0